000 00690cam a2200217 4500
001 ABS61906
008 000000n2000 000 0 eng u
035 _a(Sirsi) u104464
100 _aEade, C.
245 _aSmall is fruitful
260 _c2000
490 _aProperty Week
_v65(7) 18 February 2000 84-85(1)
520 _aExplains why small companies are best placed to take advantage of the markets for serviced offices, self-storage and managed workspace.
590 _aABS
650 _aSMALL FIRMS
650 _aSERVICED OFFICES
650 _aSELF-STORAGE
650 _aMANAGED WORKSPACE
690 _aPROPERTY-COMMERCIAL PROPERTY-COMMERCIAL PROPERTY MARKET
942 _n0
999 _c62669
_d62669